Electrical machine dynamics

Guardat en:
Dades bibliogràfiques
Autors principals: Sen Gupta, D. P (Autor), Lynn, J. W (Autor)
Format: Llibre
Idioma:anglès
Publicat: Londres Macmillan 1980
Matèries:
Etiquetes: Afegir etiqueta
Sense etiquetes, Sigues el primer a etiquetar aquest registre!

MARC

LEADER 00000nam a2200000 a 4500
001 UCU5191
003 CL-VaPUC
008 960531e19800000UK |||||||||||||||||eng|d
082 0 4 |a 621.313  |b SEN  |2 21 
100 0 |a Sen Gupta, D. P  |e author  |9 363068 
700 0 |a Lynn, J. W  |e author  |9 363069 
245 1 0 |a Electrical machine dynamics 
300 |a 300 p 
942 |c BK 
945 |d 19960531 00:00:00  |a lriquelm 
260 |a Londres  |b Macmillan  |c 1980 
650 0 |a Motores eléctricos   |9 260085 
650 0 |a Alternadores  |9 361232 
650 7 |a GENERADORES ELECTRICOS  |2 CL-VaPUC  |9 363071 
650 7 |a CORRIENTES ALTERNAS  |2 CL-VaPUC  |9 263344 
650 0 |a Ecuaciones  |9 260137 
650 7 |a TECNOLOGIA ELECTRICA  |2 CL-VaPUC  |9 336952 
583 |a last modification  |c 19960531 00:00:00  |k Rodrigo Vera 
999 |c 248636  |d 248634 
952 |0 0  |1 0  |4 0  |6 621_313000000000000_SEN_1980  |7 0  |8 A  |9 265407  |a BIBING  |b BIBING  |d 2019-11-19  |i 1669192  |o 621.313 SEN 1980  |p 1669192  |r 2025-01-20  |w 2019-11-19  |y BK  |k EIE